000
00268nam a2200121Ia 4500
100
_a
Morrow/L.C
942
_c
BK
654
_a
Handbook
245
_a
Maintenance Engineering Handbook
260
_b
McGraw Hill
_a
NEWYORK
_c
1966
082
_a
658.2Mor
546
_a
ENGLISH
999
_c
18971
_d
18971